Statistics for Countries with the Most Lakes

Click here to take the quiz!

General Stats

  • This quiz has been taken 1,727 times
    (492 since last reset)
  • The average score is 9 of 10

Answer Stats

# LakesCountry% Correct
879,800Canada
100%
102,500United States
99%
201,200Russia
97%
23,800China
95%
20,900Brazil
89%
188,000Finland
85%
22,600Sweden
84%
20,000Norway
82%
13,600Argentina
72%
12,400Kazakhstan
53%

Score Distribution

Percentile by Number Answered

Percent of People with Each Score

Your Score History

You have not taken this quiz since the last reset